| 000 | 00680nam a22002417a 4500 | ||
|---|---|---|---|
| 008 | 130701b xxu||||| |||| 00| 0 eng d | ||
| 020 | _a81-219-1095-1 | ||
| 024 | _cAvailable | ||
| 037 | _cAvailable | ||
| 040 |
_aMBSTU LIBRARY _dMBSTU LIBRARY |
||
| 082 |
_222 _a539 GHA |
||
| 100 | _aGhoshal,S.N. | ||
| 245 | _aAtomic physics : modern physics. | ||
| 260 |
_aNew Delhi _bS.Chand and Company. _c1991 |
||
| 300 |
_a21 cm. _bxx, 725 page _f10 _g21 cm. |
||
| 600 | _2Modern physics. | ||
| 650 | _2Modern physics. | ||
| 700 | _aGhoshal,S.N. | ||
| 270 |
_aNew Delhi _bNew Delhi _dIndia |
||
| 365 |
_b978.00 _d978.00 |
||
| 942 |
_2ddc _cBK |
||
| 999 |
_c558 _d558 |
||